UM Logo

Learning from own and others : (Record no. 23114)

MARC details
000 -LEADER
fixed length control field 01022nam a22002537a 4500
003 - CONTROL NUMBER IDENTIFIER
control field OSt
005 - DATE AND TIME OF LATEST TRANSACTION
control field 20251210194243.0
008 - FIXED-LENGTH DATA ELEMENTS--GENERAL INFORMATION
fixed length control field 241108b |||||||| |||| 00| 0 eng d
040 ## - CATALOGING SOURCE
Transcribing agency 0
082 ## - DEWEY DECIMAL CLASSIFICATION NUMBER
Classification number DPer 647.94068 In821 August-October 2019 v. 81-83
100 ## - MAIN ENTRY--PERSONAL NAME
Personal name Rezvani, Erfan.
Relator term author.
9 (RLIN) 63846
245 ## - TITLE STATEMENT
Title Learning from own and others :
Remainder of title the moderating role of performance aspiration /
Statement of responsibility, etc. Erfan Rezvani, A. George Assaf, Muzaffer Uysal, and Minwoo Lee.
260 ## - PUBLICATION, DISTRIBUTION, ETC. (IMPRINT)
Name of publisher, distributor, etc. Amsterdam ;
Place of publication, distribution, etc. Elsevier,
Date of publication, distribution, etc. August 2019.
300 ## - PHYSICAL DESCRIPTION
Extent Volume 66, pages 113-119 :
Other physical details illustration ;
Dimensions 28 cm.
500 ## - GENERAL NOTE
General note International Journal of Hospitality Management, vol. 81, pages 113-119, August 2019.
650 #0 - SUBJECT ADDED ENTRY--TOPICAL TERM
Topical term or geographic name as entry element Learning from own.
9 (RLIN) 66533
650 #0 - SUBJECT ADDED ENTRY--TOPICAL TERM
Topical term or geographic name as entry element Learning from others.
9 (RLIN) 66534
650 #0 - SUBJECT ADDED ENTRY--TOPICAL TERM
Topical term or geographic name as entry element Performance aspiration.
9 (RLIN) 66535
700 ## - ADDED ENTRY--PERSONAL NAME
Personal name Rezvani, Erfan.
Relator term author.
9 (RLIN) 63846
700 ## - ADDED ENTRY--PERSONAL NAME
Personal name Assaf, George A.
Relator term author.
9 (RLIN) 66709
700 ## - ADDED ENTRY--PERSONAL NAME
Personal name Uysal, Muzaffer.
Relator term author.
9 (RLIN) 66708
700 ## - ADDED ENTRY--PERSONAL NAME
Personal name Lee, Minwoo.
Relator term author.
9 (RLIN) 66710
942 ## - ADDED ENTRY ELEMENTS (KOHA)
Source of classification or shelving scheme Dewey Decimal Classification
Koha item type Periodicals
Holdings
Withdrawn status Lost status Source of classification or shelving scheme Damaged status Not for loan Collection code Home library Current library Date acquired Total Checkouts Full call number Date last seen Price effective from Koha item type Public note
    Dewey Decimal Classification     Periodicals UM Digos College - LIC UM Digos College - LIC 11/08/2024   DPer 647.94068 In821 August-October 2019 v. 81-83 11/08/2024 11/08/2024 Periodicals Periodical Article